Tablice rejestracyjne miast/powiatów w woj.wielkopolskim - Statystyki

Ogólne statystyki
  • Ten quiz został rozwiązany 1 198 razy
  • Średni wynik to 33 z 35
Statystyki odpowiedzi
Miasto / powiat Rejestracja % Poprawnych
Poznań PO / PY
100%
Kalisz PK
99%
Leszno PL
98%
Konin PN
97%
powiat poznański PZ
97%
powiat gnieźnieński PGN
96%
powiat ostrowski POS
96%
powiat pilski PP
96%
powiat chodzieski PCH
95%
powiat czarnkowsko-trzcianecki PCT
95%
powiat gostyński PGS
95%
powiat jarociński PJA
95%
powiat kaliski PKA
95%
powiat kolski PKL
95%
powiat koniński PKN
95%
powiat krotoszyński PKR
95%
powiat kościański PKS
95%
powiat obornicki POB
95%
powiat grodziski PGO
94%
powiat kępiński PKE
94%
powiat leszczyński PLE
94%
powiat rawicki PRA
94%
powiat średzki PSR
94%
powiat szamotulski PSZ
94%
powiat wrzesiński PWR
94%
powiat ostrzeszowski POT
93%
powiat słupecki PSL
93%
powiat turecki PTU
93%
powiat wągrowiecki PWA
93%
powiat międzychodzki PMI
92%
powiat nowotomyski PNT
92%
powiat wolsztyński PWL
92%
powiat złotowski PZL
92%
powiat pleszewski PPL
91%
powiat śremski PSE
89%
Nie znaleziono quizów pasujących do podanych kryteriów
Rozkład punktacji
Procent ludzi z każdym wynikiem
Percentyl według liczby udzielonych odpowiedzi
Twoja historia wyników
Nie rozwiązałeś tego quizu